000 00630nam a2200217Ia 4500
005 20241129104251.0
008 241129s9999||||xx |||||||||||||| ||und||
020 _a9781032723600
037 _aTextual
040 _aRTL
_beng
_cRTL
041 _aeng
_2eng
084 _aY9(W:5) R3
_qRTL
100 _aSengupta Lopamudra;
_9725505
245 0 _aHuman rights of the third gender in India: Beyond the binary
_cSengupta Lopamudra;
260 _aNew Delhi
_bManohar
_c2024
300 _axx,142p.
365 _aINR
_bRs.1295.00
650 _aHuman Rights
942 _cTB
_hY9(W:5) R3
999 _c1225136
_d1225136